Vista normal
Vista MARC
Entrada Topical Term
Número de registros utilizados en: 6
001 - CONTROL NUMBER
- control field: 10010
003 - CONTROL NUMBER IDENTIFIER
- control field: OSt
005 - DATE AND TIME OF LATEST TRANSACTION
- control field: 20200909110859.0
008 - FIXED-LENGTH DATA ELEMENTS
- fixed length control field: 200909|| aca||aabn | a|a d
040 ## - CATALOGING SOURCE
- Original cataloging agency: OSt
- Transcribing agency: OSt
150 ## - HEADING--TOPICAL TERM
- Topical term or geographic name entry element: Novela colombiana--
- Chronological subdivision: Siglo XXI
670 ## - SOURCE DATA FOUND
- Source citation: Work cat.: (OSt): Bernal Pinilla, Luis Darío, autor 8659, Catalino Bocachica / , 1995.